Виртуальный методический кабинет кафедры; Уровневая подготовка специалистов: электронное обучение и открытые образовательные ресурсы
| Parent link: | Уровневая подготовка специалистов: электронное обучение и открытые образовательные ресурсы.— 2014.— [С. 337-339] |
|---|---|
| Autor Principal: | |
| Corporate Authors: | , |
| Summary: | Заглавие с титульного листа. The virtual methodical office is seen in paper as the place to inform the teachers of the University on the progress of educational technology and the learning tools. The goals are the sharing of innovations and the personal professional training. |
| Idioma: | ruso |
| Publicado: |
2014
|
| Series: | Образовательные ресурсы технического обучения опыт |
| Subjects: | |
| Acceso en liña: | http://earchive.tpu.ru/handle/11683/25672 http://www.lib.tpu.ru/fulltext/c/2014/C09/140.pdf |
| Formato: | MixedMaterials Electrónico Capítulo de libro |
| KOHA link: | https://koha.lib.tpu.ru/cgi-bin/koha/opac-detail.pl?biblionumber=610242 |
MARC
| LEADER | 00000naa2a2200000 4500 | ||
|---|---|---|---|
| 001 | 610242 | ||
| 005 | 20260402094826.0 | ||
| 035 | |a (RuTPU)RU\TPU\conf\7838 | ||
| 035 | |a RU\TPU\conf\7837 | ||
| 090 | |a 610242 | ||
| 100 | |a 20150114d2014 k y0rusy50 ca | ||
| 101 | 0 | |a rus | |
| 102 | |a RU | ||
| 135 | |a drgn ---uucaa | ||
| 181 | 0 | |a i | |
| 182 | 0 | |a b | |
| 200 | 1 | |a Виртуальный методический кабинет кафедры |d The virtual methodical office at the chair |f В. А. Стародубцев | |
| 203 | |a Текст |c электронный | ||
| 225 | 1 | |a Образовательные ресурсы технического обучения опыт | |
| 300 | |a Заглавие с титульного листа. | ||
| 330 | |a The virtual methodical office is seen in paper as the place to inform the teachers of the University on the progress of educational technology and the learning tools. The goals are the sharing of innovations and the personal professional training. | ||
| 337 | |a Adobe Reader | ||
| 463 | 1 | |0 (RuTPU)RU\TPU\conf\7637 |t Уровневая подготовка специалистов: электронное обучение и открытые образовательные ресурсы |o сборник трудов I Всероссийской научно-методической конференции, 20-21 марта 2014 г., Томск |f Национальный исследовательский Томский политехнический университет (ТПУ) ; ред. кол. А. И. Чучалин [и др.] |v [С. 337-339] |d 2014 | |
| 510 | 1 | |a The virtual methodical office at the chair |z eng | |
| 610 | 1 | |a электронный ресурс | |
| 610 | 1 | |a труды учёных ТПУ | |
| 610 | 1 | |a виртуальные кабинеты | |
| 610 | 1 | |a методические кабинеты | |
| 610 | 1 | |a образовательные технологии | |
| 610 | 1 | |a средства обучения | |
| 610 | 1 | |a инновации | |
| 610 | 1 | |a инновационные технологии | |
| 610 | 1 | |a образовательные ресурсы | |
| 700 | 1 | |a Стародубцев |b В. А. |c физик |c профессор Томского политехнического университета, доктор педагогических наук |f 1943- |g Вячеслав Алексеевич |3 (RuTPU)RU\TPU\pers\26939 | |
| 712 | 0 | 2 | |a Национальный исследовательский Томский политехнический университет (ТПУ) |b Институт электронного обучения (ИнЭО) |b Кафедра технологий и педагогики электронного обучения (ТПЭО) |3 (RuTPU)RU\TPU\col\20233 |
| 712 | 0 | 2 | |a Национальный исследовательский Томский политехнический университет (ТПУ) |b Институт развития стратегического партнерства и компетенций (ИСПК) |b Кафедра инженерной педагогики (ИПед) |3 (RuTPU)RU\TPU\col\18906 |
| 801 | 2 | |a RU |b 63413507 |c 20210408 |g RCR | |
| 856 | 4 | |u http://earchive.tpu.ru/handle/11683/25672 | |
| 856 | 4 | |u http://www.lib.tpu.ru/fulltext/c/2014/C09/140.pdf | |
| 942 | |c BK | ||